Manuel criminel des juges de paix: considérés comme officiers de police judiciaire auxiliaires du procureur de la république et comme délégués du juge d'instruction
Salvato in:
| Autore principale: | |
|---|---|
| Natura: | Libro |
| Lingua: | francese |
| Pubblicazione: |
París
Librairie Générale de Jurisprudence
1850
|
| Edizione: | 3a. ed |
| Soggetti: | |
| Tags: |
Aggiungi Tag
Nessun Tag, puoi essere il primo ad aggiungerne!!
|
MARC
| LEADER | 00000nam a2200000 a 4500 | ||
|---|---|---|---|
| 001 | UCR2722 | ||
| 003 | CL-VaPUC | ||
| 008 | 980116e18500000FR |||||||||||||||||fre|d | ||
| 082 | 0 | 4 | |a 345.01 |b DUV |2 21 |
| 100 | 0 | |a Duverger, M. F |e author |9 401025 | |
| 245 | 1 | 0 | |a Manuel criminel des juges de paix: considérés comme officiers de police judiciaire auxiliaires du procureur de la république et comme délégués du juge d'instruction |
| 250 | |a 3a. ed | ||
| 300 | |a 463 p | ||
| 942 | |c BK | ||
| 945 | |d 19980116 00:00:00 |a cmena | ||
| 260 | |a París |b Librairie Générale de Jurisprudence |c 1850 | ||
| 650 | 7 | |a DERECHO PENAL |2 CL-VaPUC |9 11 | |
| 650 | 7 | |a CRIMINALES |2 CL-VaPUC |9 322996 | |
| 650 | 0 | |a Delitos |9 224143 | |
| 650 | 0 | |a Justicia |9 255408 | |
| 650 | 0 | |a Derecho procesal penal |9 256392 | |
| 650 | 0 | |a Paz |9 259242 | |
| 650 | 0 | |a Derecho público |9 255910 | |
| 583 | |a last modification |c 19980116 00:00:00 |k Rodrigo Vera | ||
| 999 | |c 265853 |d 265851 | ||
| 952 | |0 0 |1 0 |4 0 |6 345_010000000000000_DUV_1850 |7 0 |8 DER_HIS |9 296979 |a BIBDER |b BIBDER |d 2019-11-20 |i 1935682 |o 345.01 DUV 1850 |p 1935682 |r 2019-11-20 |w 2019-11-20 |x Ubicación 4to Piso |y BK_X |z Estos recursos deben solicitarse con anticipación |k DER | ||